000 00751nam a2200205Ii 4500
003 JO-AjNU
008 230605s9999||||xx |||||||||||||| ||und||
017 _a2008/10/4355
040 _aJO-AjNU
_bara
_erda
_cJO-AjNU
041 _aara
050 1 4 _aBF408.R6312 2009
100 3 _aروبنسون،كين ، موصللي،رامة/ترجمة,
_eauthor
_923122
245 0 0 _aصناعة العقل : دور الثقافة والتعليم في تشكيل عقلك المبدع
264 3 1 _aعمان:وزارة الثقافة ،د.ت
300 _a2016ص
336 _atext
_btxt
_2rdacontent
337 _aunmediated
_bn
_2rdamedia
338 _avolume
_bnc
_2rdacarrier
650 4 _aالقدرة الابداعية-ادارة الاعمال
_923123
999 _aA8316
_c11884
_d11884